| 000 | 00390 a2200169 4500 | ||
|---|---|---|---|
| 001 | 72457 | ||
| 020 | _a8516006638 | ||
| 040 | _cAnchieta - Colégio São Paulo | ||
| 100 | _aLadeira, Julieta de Godoy | ||
| 240 | 1 | 0 |
_aNo tempo da abolição _lpor |
| 245 | 1 | 0 | _aNo tempo da abolição |
| 300 | _a64 | ||
| 362 | 0 | _a1995 | |
| 440 | 1 | _aModerna | |
| 650 | 4 | _aLiteratura juvenil | |
| 942 | _cBK | ||
| 999 |
_c72457 _d72457 |
||